Statistics for Top 100 Biggest Cities in California

Click here to take the quiz!

General Stats

  • This quiz has been taken 1,549 times
    (1,349 since last reset)
  • The average score is 51 of 100

Answer Stats

#CityPopulation% Correct
1Los Angeles3,979,576
100%
4San Francisco881,549
99%
2San Diego1,423,851
98%
6Sacramento513,624
96%
3San Jose1,021,795
96%
8Oakland433,031
91%
5Fresno531,576
90%
10Anaheim350,365
87%
7Long Beach462,628
87%
9Bakersfield384,145
86%
12Riverside331,360
84%
17San Bernardino215,784
83%
11Santa Ana332,318
79%
13Stockton312,697
78%
14Irvine287,401
76%
87Santa Barbara91,364
74%
15Chula Vista274,492
71%
18Modesto215,196
69%
41Pasadena141,029
69%
89Santa Monica90,401
69%
21Santa Clarita212,979
68%
16Fremont241,110
67%
45Santa Clara130,365
66%
24Huntington Beach199,223
65%
22Oxnard208,881
65%
51Berkeley121,363
63%
42Orange138,669
63%
27Santa Rosa176,753
62%
73Burbank102,511
61%
84Redding92,590
61%
28Oceanside175,742
59%
25Ontario185,010
59%
23Glendale199,303
58%
47Thousand Oaks126,813
58%
78Compton95,605
54%
20Moreno Valley213,055
54%
35Palmdale155,079
54%
63Ventura109,106
54%
26Rancho Cucamonga177,603
53%
19Fontana214,547
52%
64Inglewood108,151
52%
33Lancaster157,601
52%
34Salinas155,465
52%
68San Mateo104,430
52%
71Chico103,301
51%
31Corona169,868
51%
38Escondido151,625
51%
65Santa Maria107,263
51%
29Elk Grove174,775
50%
37Pomona151,691
50%
39Torrance143,592
50%
66Daly City106,280
48%
32Hayward159,203
48%
49Victorville122,385
48%
44Visalia134,605
47%
48Simi Valley125,613
46%
50Vallejo121,692
46%
43Fullerton138,632
45%
56Temecula114,761
45%
55Carlsbad115,382
44%
30Garden Grove171,644
44%
40Roseville141,500
44%
36Sunnyvale152,703
43%
98Newport Beach84,534
42%
61Richmond110,567
42%
46Concord129,295
41%
75Vacaville100,670
41%
59Antioch111,502
40%
67West Covina105,101
40%
72El Cajon102,708
39%
82Chino94,371
38%
52Fairfield117,133
38%
85Indio91,765
38%
60Downey111,126
36%
58Costa Mesa113,003
35%
94Redwood City85,925
35%
62Jurupa Valley109,527
34%
81Mission Viejo94,381
34%
53Murrieta116,223
34%
54El Monte115,487
33%
70Rialto103,526
33%
57Clovis114,584
32%
69Norwalk103,949
32%
74Vista101,638
32%
80Tracy94,740
29%
86Carson91,394
28%
90Livermore90,189
28%
97Whittier85,098
28%
93Hawthorne86,068
27%
77Hesperia95,750
27%
91San Leandro88,815
27%
76San Marcos96,664
27%
96Hemet85,334
26%
88Westminster90,643
24%
100Chino Hills83,853
22%
79Menifee94,756
21%
99Milpitas84,196
21%
92Citrus Heights87,796
19%
95Lake Forest85,531
19%
83South Gate93,444
19%

Score Distribution

Percentile by Number Answered

Percent of People with Each Score

Your Score History

You have not taken this quiz since the last reset